| 000 | 01058cam a2200217 4500 | ||
|---|---|---|---|
| 001 | WB3817-24 | ||
| 008 | 020509n2002 000 0 eng u | ||
| 035 | _a(Sirsi) u117913 | ||
| 245 | _aEU proposes mining waste controls | ||
| 260 | _c2002 | ||
| 490 |
_aRICS Brussels Briefing _v29 April 2002, (1) |
||
| 520 | _aA survey carried out for the EC has emphasied the EU's need for European wide minimum requirement for the management of mining and quarry waste. The survey provided a basis for a working paper on mining waste. The survey can viewed at http://europa.eu.int/comm/environment/waste/0204final reportbrgm.pdf. For a copy of the RICS response contact Sian Hughes; t +32 2 733 1019, f +32 2 742 9748, e [email protected]. http://www.rics.org/ricscms/bin/show?class=Brief&template=/includes/showbrief.html&id=344 | ||
| 590 | _aWB | ||
| 650 | _aMINING | ||
| 650 | _aQUARRIES | ||
| 650 | _aQUARRY WASTES | ||
| 650 | _aMINE WASTE | ||
| 650 | _aEUROPEAN COMMISSION | ||
| 690 | _aENVIRONMENTAL AND LAND CONSULTANCY-WASTE MANAGEMENT | ||
| 942 | _n0 | ||
| 999 |
_c70229 _d70229 |
||